Valuación de la prima cambiaria bajo tipo de cambio flexible
Guardado en:
| Autor principal: | |
|---|---|
| Otros Autores: | , |
| Formato: | Desconocido |
| Aporte de: | Registro referencial: Solicitar el recurso aquí |
| LEADER | 00402 a2200133 4500 | ||
|---|---|---|---|
| 001 | ART_7265 | ||
| 005 | 20260410161700.0 | ||
| 008 | 260409a | ||
| 245 | 1 | 0 | |a Valuación de la prima cambiaria bajo tipo de cambio flexible |
| 100 | 1 | |a Grandes, Martín | |
| 700 | 1 | |a Peter, Marcel | |
| 700 | 1 | |a Pinaud, Nicolas | |
| 773 | 0 | |t Ensayos Económicos |g - Nº 60 (oct./dic. 2010) |w REV620 | |
| 999 | |c 15076 |d 15076 | ||